LEADER 00988nam a2200253 i 4500 001 000000162233 003 CaOOAMICUS 005 20110415000000.0 008 110415n it u000 u ita u 013 $a139597 040 $aSeMil$bita 245 10$aMaria Sticco :$bun modello francescano di consacrazione secolare. 250 $aPro Manuscripto. 260 $a[S.l. :$bs.n.],$c[1974]$e(Milano :$fScotti,$g[1974]) 300 $a55 p. ;$c18 cm. 500 $aFondo Card. Giovanni Colombo. 650 4$aSticco, Maria.$0(OLS)http://semarc/subject/17774 700 1 $aSticco, Maria,$d<1891-1981>.$0(OLS)http://semarc/name/16161 850 $aSeMil 852 $aSeMil$W1$xVenegono$y1$m5D IX 13/42$j113608$B113608$CSeMilBibl$Z2$F162692 $81 941 1 $a3 961 $aLascito: Colombo Card. Giovanni 996 $6245$aMaria Sticco :$bun modello francescano di consacrazione secolare$9(OLS)http://semarc/title/145846 996 $6260$a[S.l. :$bs.n.]$9(OLS)http://semarc/publisher/29751 LEADER 01022nam a2200277 4500 001 000000334426 003 CaOOAMICUS 005 20190627000000.0 008 190627s2015 it 000 u ita r 020 $a978-88-452-7851-8 040 $aSeMil$bita 100 1 $aEco, Umberto,$d<1932-2016>.$0(OLS)http://semarc/name/3132 245 10$aNumero zero /$cUmberto Eco. 264 1$aMilano :$bBompiani,$c2015. 300 $a218 p. ;$c21 cm 490 1 $aRomanzo Bompiani 490 1 $aNarratori italiani 830 0$aRomanzo Bompiani.$0(OLS)http://semarc/title/12107 830 0$aNarratori italiani.$0(OLS)http://semarc/title/6852 850 $aSeMil 852 $aSeMil$W1$xVenegono$y1$m1A III 145$j215694$B226660$CSeMilBibl$Z2$F226660 $81 961 $aAntonelli don Mario - Omaggio 996 $6020$a978-88-452-7851-8$9(OLS)http://semarc/number/287749 996 $6245$aNumero zero$9(OLS)http://semarc/title/424107 996 $6264$aMilano :$bBompiani$9(OLS)http://semarc/publisher/29706